Historia de la música argentina (Record no. 139664)

MARC details
000 -LEADER
campo de control de longitud fija 00510nam a2200157 4500
001 - NÚMERO DE CONTROL
campo de control 139664
003 - IDENTIFICADOR DE NÚMERO DE CONTROL
campo de control ES-MaACL
005 - FECHA Y HORA DE LA ÚLTIMA TRANSACCIÓN
campo de control 20230906195852.0
007 - CAMPO FIJO DE DESCRIPCIÓN FÍSICA--INFORMACIÓN GENERAL
campo de control de longitud fija t|
008 - DATOS DE LONGITUD FIJA--INFORMACIÓN GENERAL
campo de control de longitud fija 070214q1933 ag r ||||1| spa d
100 1# - ENTRADA PRINCIPAL--NOMBRE DE PERSONA
Nombre de persona Schianca, Arturo C.
9 (RLIN) 104329
245 10 - MENCIÓN DEL TÍTULO
Título Historia de la música argentina
Resto del título : origen y características /
Mención de responsabilidad, etc. por el prof. Arturo C. Schianca.
260 ## - PUBLICACIÓN, DISTRIBUCIÓN, ETC.
Lugar de publicación, distribución, etc. Buenos Aires :
Nombre del editor, distribuidor, etc. [s. n.,
Fecha de publicación, distribución, etc. 1933?] (
Fabricante Establecimiento Gráfico Argentino)
300 ## - DESCRIPCIÓN FÍSICA
Extensión 202 p. ;
Dimensiones 22 cm.
852 ## - LOCALIZACIÓN
Ubicación ES-MaACL
Número de control de estantería A-3987
Holdings
Estatus retirado Estado de pérdida Estado de daño No para préstamo Biblioteca de origen Biblioteca actual Ubicación en estantería Fecha de adquisición Fuente de adquisición Total de préstamos Signatura topográfica completa Código de barras Visto por última vez Precio de reemplazo Tipo de ítem Koha
        Biblioteca del Ateneo de Madrid Biblioteca del Ateneo de Madrid Sala Pecera Planta 1 17/01/2008     A-3987 1145342 23/02/2023 23/02/2023 Libro impreso